00608nam a2200205Ia 4500003000900000008004100009020001800050040001600068080001800084100002000102245008600122260003400208300001600242650004100258650001500299650001600314650002700330700002200357700002300379IN-BaIIA211028s9999 xx 000 0 eng d a0-13-824806-0 cIIA Library a523.9-87bSOL aGlaser, Peter E 0aSolar power satellitescPeter E. Glaser, Frank Paul Davidson and Katinka I. Csigi aNew YorkbEllis Horwoodc1993 axxii, 300p. aAstronomy and astrophysics thesaurus aSatellites aSolar power aSolar power generation aCsigi, Katinka I. aDavidson, Frank P.